Aktuálne informácie z noviel daňových zákonov

Novela zákona o správe daní a poplatkov, o daňových orgánoch, o miestnych daniach - aktuálne informácie.

Saved in:
Bibliographic Details
Main Author: Meluchová, Jitka, 1965-
Format: Book Chapter
Language:Slovak
Subjects:
Tags: Add Tag
No Tags, Be the first to tag this record!

MARC

LEADER 00000naa$a2200000$$$4500
001 0051202
005 20240502071609.2
041 0 |a slo 
044 |a SK 
245 1 0 |a Aktuálne informácie z noviel daňových zákonov  |c Jitka Meluchová 
520 |a Novela zákona o správe daní a poplatkov, o daňových orgánoch, o miestnych daniach - aktuálne informácie. 
610 2 0 |a správa daňová 
610 2 0 |a poplatky 
610 2 0 |a dane miestne 
610 2 0 |a zákony 
610 2 0 |a novelizácia 
100 1 |a Meluchová, Jitka, 1965-